000 00680nam a22002177a 4500
999 _c20758
_d20758
003 AR-CdUCM
008 190605b ||||| |||| 00| 0 spa d
020 _a978-958-44-9262-3
040 _aMUNICIPALIDAD PROVINCIAL DEL CUSCO
_cBIBLIOTECA MUNICIPAL DEL CUSCO
082 _a580 /
_bR74
_22ed.
100 _aRodríguez Barreto, Erasmo
_930624
245 _aConcíon de tierra /
260 _aColombia :
_bCanapro,
_c2011.
300 _a72 páginas;
_bIlustraciones,
_c21 cm.
505 _aContenido: A la mandarina -- A la guayaba -- A la papaya...
650 _aPoesía
_9139
650 _aCanto
_9955
650 _aColombia
_9140
942 _2ddc
_cLIBROS
945 _aJavier